[Event "GER-chT U14 Girls"]
[Site "Dittrichshuette"]
[Date "2005.12.29"]
[Round "5.3"]
[White "Schulze, Tabea"]
[Black "Wichtmann, Barbara"]
[Result "1/2-1/2"]
[WhiteElo "745"]
[BlackElo "1050"]
[PlyCount "70"]
[EventDate "2005.12.27"]
[EventType "team-swiss"]
[EventRounds "6"]
[EventCountry "GER"]
[SourceTitle "CBM 110 Extra"]
[Source "ChessBase"]
[SourceDate "2006.03.10"]
[SourceVersion "2"]
[SourceVersionDate "2006.03.10"]
[SourceQuality "1"]
[WhiteTeam "Endingen U14 Girls"]
[BlackTeam "Duesseldorf SF 75 U14 Girls"]
[WhiteTeamCountry "GER"]
[BlackTeamCountry "GER"]

1. e4 e5 2. Nf3 Nc6 3. Bc4 Bc5 4. 0-0 d6 5. h3 Nf6 6. Nc3 0-0 7. d3 Be6 8. Bxe6 fxe6 9. Ng5 Qd7 10. Be3 Bb6 11. Bxb6 axb6 12. Nb5 Nd4 13. Nxd4 exd4 14. c3 dxc3 15. bxc3 h6 16. Nf3 Qc6 17. c4 Qc5 18. Qc2 b5 19. Rfb1 Ra5 20. Qc3 b6 21. Nd4 Ra3 22. Qb2 Rxd3 23. Nxe6 Qxc4 24. Nxf8 Kxf8 25. e5 dxe5 26. Qxe5 Rd5 27. Qe3 Rg5 28. Re1 Qd5 29. g3 Qd7 30. Kh2 Rh5 31. Kg2 Qxh3+ 32. Kf3 Qg4+ 33. Kg2 Qh3+ 34. Kf3 Qg4+ 35. Kg2 Qh3+ 1/2-1/2